Educational reconstruction in Belgium / (Record no. 20488)

MARC details
000 -LEADER
fixed length control field 01151cam a22003011a 4500
001 - CONTROL NUMBER
control field e 22000001
003 - CONTROL NUMBER IDENTIFIER
control field DLC
005 - DATE AND TIME OF LATEST TRANSACTION
control field 20260227111212.0
007 - PHYSICAL DESCRIPTION FIXED FIELD--GENERAL INFORMATION
fixed length control field cr_|||||||||||
008 - FIXED-LENGTH DATA ELEMENTS--GENERAL INFORMATION
fixed length control field 850423s1921 dcu 000 0 eng c
010 ## - LIBRARY OF CONGRESS CONTROL NUMBER
LC control number e 22000001
035 ## - SYSTEM CONTROL NUMBER
System control number (OCoLC)11952144
040 ## - CATALOGING SOURCE
Original cataloging agency U.S. Off. of Educ. Library
Transcribing agency ABAU
Modifying agency ABAU
-- DLC
042 ## - AUTHENTICATION CODE
Authentication code premarc
050 00 - LIBRARY OF CONGRESS CALL NUMBER
Classification number L111
Item number .A6 1921, no. 39
051 ## - LIBRARY OF CONGRESS COPY, ISSUE, OFFPRINT STATEMENT
Classification number LA817
Item number .M6
100 1# - MAIN ENTRY--PERSONAL NAME
Personal name Montgomery, Walter A.
Fuller form of name (Walter Alexander),
Dates associated with a name 1872-1949.
245 10 - TITLE STATEMENT
Title Educational reconstruction in Belgium /
Statement of responsibility, etc. by Walter A. Montgomery.
260 ## - PUBLICATION, DISTRIBUTION, ETC.
Place of publication, distribution, etc. Washington :
Name of publisher, distributor, etc. G.P.O.,
Date of publication, distribution, etc. 1921.
300 ## - PHYSICAL DESCRIPTION
Extent 12 p. ;
Dimensions 23 cm.
490 1# - SERIES STATEMENT
Series statement Bulletin / Department of the Interior, Bureau of Education ;
Volume/sequential designation 1921, no. 39
500 ## - GENERAL NOTE
General note "Advance sheets from the Biennial survey of education in the United States, 1918-1920"
504 ## - BIBLIOGRAPHY, ETC. NOTE
Bibliography, etc. note Includes bibliographical references.
530 ## - ADDITIONAL PHYSICAL FORM AVAILABLE NOTE
Additional physical form available note Also available in digital form on the Internet Archive Web site.
650 #0 - SUBJECT ADDED ENTRY--TOPICAL TERM
Topical term or geographic name entry element Education
Geographic subdivision Belgium.
830 #0 - SERIES ADDED ENTRY--UNIFORM TITLE
Uniform title Bulletin (United States. Bureau of Education) ;
Volume/sequential designation 1921, no. 39
856 41 - ELECTRONIC LOCATION AND ACCESS
Uniform Resource Identifier <a href="http://hdl.loc.gov/loc.gdc/scd0001.00215025391">http://hdl.loc.gov/loc.gdc/scd0001.00215025391</a>

No items available.

Powered by Koha